000
00290nam a2200121Ia 4500
008
190216s9999||||xx |||||||||||||| ||und||
100
_a
Menon K P S
245
4
_a
The Lampstand
260
_b
Oxford University Press
_c
1967
300
_a
337
650
_a
Miscellanious Writting
942
_c
BK
999
_c
11898
_d
11898